[Event "Quebec-ch qual U1600"]
[Site "Montreal"]
[Date "2005.10.09"]
[Round "3"]
[White "Jette, Stephane"]
[Black "Perusse, Jacques"]
[Result "1/2-1/2"]
[WhiteElo "1496"]
[BlackElo "1568"]
[PlyCount "182"]
[EventDate "2005.10.08"]
[EventType "swiss"]
[EventRounds "3"]
[EventCountry "CAN"]
[SourceTitle "EXT 2009"]
[Source "ChessBase"]
[SourceDate "2008.11.26"]
[SourceVersion "1"]
[SourceVersionDate "2008.11.26"]
[SourceQuality "1"]

1. Nf3 c5 2. c4 Nc6 3. Nc3 g6 4. g3 Bg7 5. Bg2 e6 6. e3 d5 7. cxd5 exd5 8. d4 Nge7 9. 0-0 c4 10. a3 a6 11. Re1 0-0 12. Nd2 Be6 13. b4 b5 14. Bb2 Qd7 15. Rc1 Rfb8 16. Ne2 f5 17. Nf4 Bf7 18. Nf3 Qd6 19. Ng5 Rd8 20. Nxf7 Kxf7 21. Qf3 Kg8 22. h4 Ra7 23. Nh3 h6 24. Qf4 a5 25. bxa5 Nxa5 26. Qxd6 Rxd6 27. Nf4 Nb3 28. Rc2 Kh7 29. Ne2 Nc6 30. Nc3 Ncxd4 31. exd4 Nxd4 32. Rd2 Rad7 33. Red1 Nb3 34. Rxd5 Rxd5 35. Rxd5 Rxd5 36. Bxd5 Nc5 37. Bc6 Nd3 38. Ba1 Bd4 39. Bxb5 Nxf2 40. Kg2 Ng4 41. Kf3 Ne5+ 42. Kg2 g5 43. hxg5 hxg5 44. a4 f4 45. gxf4 gxf4 46. a5 f3+ 47. Kf1 Ng4 48. Ne4 Bxa1 49. Bxc4 Ne3+ 50. Kf2 Nxc4 51. Kxf3 Nxa5 52. Ke3 Kg6 53. Kd3 Be5 54. Nc5 Nc6 55. Ke4 Bf6 56. Kd5 Ne7+ 57. Ke4 Bb2 58. Ne6 Kf6 59. Nd4 Kf7 60. Nf5 Nc8 61. Nh6+ Kg6 62. Nf5 Ba3 63. Nh4+ Kh5 64. Nf5 Kg4 65. Nd4 Ne7 66. Kd3 Bd6 67. Nb5 Bg3 68. Nd4 Bd6 69. Ke4 Bb4 70. Kd3 Be1 71. Kc4 Bf2 72. Ne6 Bg3 73. Nc5 Bc7 74. Nd3 Nf5 75. Nc5 Nd6+ 76. Kd5 Nf5 77. Kc4 Ne3+ 78. Kb5 Bh2 79. Kc6 Nc2 80. Kb5 Nd4+ 81. Kc4 Nf3 82. Kb5 Bd6 83. Kc6 Bh2 84. Kb5 Nd2 85. Kc6 Bg1 86. Kb5 Bf2 87. Kc6 Be3 88. Ne6 Nb3 89. Kd7 Nd2 90. Ke7 Kh3 91. Kd7 Nb3 1/2-1/2

[Event "Sherbrooke-opB"]
[Site "Sherbrooke"]
[Date "2005.05.27"]
[Round "1"]
[White "Pilotte, Benoit"]
[Black "Jette, Stephane"]
[Result "1-0"]
[WhiteElo "1715"]
[BlackElo "1600"]
[PlyCount "35"]
[EventDate "2005.05.27"]
[EventType "swiss"]
[EventRounds "5"]
[EventCountry "CAN"]
[SourceTitle "CBM 106 Extra"]
[Source "ChessBase"]
[SourceDate "2005.07.01"]
[SourceVersion "1"]
[SourceVersionDate "2005.07.01"]
[SourceQuality "1"]

1. e4 e6 2. d4 d5 3. Nc3 dxe4 4. f3 exf3 5. Nxf3 Nf6 6. Bc4 Be7 7. 0-0 0-0 8. Bg5 Nbd7 9. Qe1 Nb6 10. Bd3 Re8 11. Qh4 g6 12. Nb5 c6 13. Ne5 Rf8 14. Rxf6 Nd5 15. Ng4 cxb5 16. Raf1 Nxf6 17. Nxf6+ Bxf6 18. Bxf6 1-0